Normal view
MARC view
- Anum Javed.Supervisor: Dr.Mian Ilyas Ahmad.
Entry Personal Name
001 - CONTROL NUMBER
- control field: 12752
003 - CONTROL NUMBER IDENTIFIER
- control field: NUST
005 - DATE AND TIME OF LATEST TRANSACTION
- control field: 20181220073337.0
008 - FIXED-LENGTH DATA ELEMENTS
- fixed length control field: 181220|| aca||aabn | a|a d
040 ## - CATALOGING SOURCE
- Original cataloging agency: NUST
- Transcribing agency: NUST
100 ## - HEADING--PERSONAL NAME
- Personal name: Anum Javed.Supervisor: Dr.Mian Ilyas Ahmad.
670 ## - SOURCE DATA FOUND
- Source citation: Work cat.: (NUST): Anum Javed.Supervisor: Dr.Mian Ilyas Ahmad., MS/Thesis:Projection - Based Model Order Reduction for Biochemical Systems / , 2018.
